Cryochemistry (Record no. 28256)

MARC details
000 -LEADER
fixed length control field 00326nam a2200133Ia 4500
082 ## - DEWEY DECIMAL CLASSIFICATION NUMBER
Classification number 541.117
Item number MOS
100 ## - MAIN ENTRY--AUTHOR NAME
Personal name Moskovits, Martin
245 #0 - TITLE STATEMENT
Title Cryochemistry
260 ## - PUBLICATION, DISTRIBUTION, ETC. (IMPRINT)
Place of publication New York;John Wiley
Year of publication 1976
490 ## - SERIES STATEMENT
Series statement Cryochemistry
700 ## - ADDED ENTRY--PERSONAL NAME
Personal name Ozin, Geoffrey A
942 ## - ADDED ENTRY ELEMENTS (KOHA)
Koha item type Books
Holdings
Withdrawn status Lost status Damaged status Not for loan Home library Current library Date acquired Cost, normal purchase price Full call number Accession Number Koha item type
        RRII Library RRII Library 16/12/2021 37.00 541.117 MOS 08862 Books